Oceania Coats of Arms Map Quiz - Statistics

General Stats
  • This quiz has been taken 111 times
  • The average score is 11 of 16
Answers on the Map
Answers color-coded by a green-red scale on the quiz's map according to % correct below.
 
Answer Stats
Answer % Correct
Australia
92%
New Zealand
90%
Papua New Guinea
83%
Kiribati
78%
Fiji
73%
French Polynesia
65%
Palau
64%
Tonga
64%
New Caledonia (France)
63%
Solomon Islands
60%
Vanuatu
60%
Samoa
59%
Micronesia
58%
Tuvalu
54%
Marshall Islands
53%
Nauru
50%
No matching quizzes found
Score Distribution
Percent of People with Each Score
Percentile by Number Answered
Your Score History
You have not taken this quiz